Sadako and the thousand paper cranes / (Record no. 113)
[ view plain ]
| 000 -LEADER | |
|---|---|
| fixed length control field | 01660nam a22004217a 4500 |
| 001 - CONTROL NUMBER | |
| control field | 113 |
| 003 - CONTROL NUMBER IDENTIFIER | |
| control field | FISKH |
| 005 - DATE AND TIME OF LATEST TRANSACTION | |
| control field | 20260226150502.0 |
| 008 - FIXED-LENGTH DATA ELEMENTS--GENERAL INFORMATION | |
| fixed length control field | 230228b cb ||||| |||| 00| 0 eng d |
| 020 ## - INTERNATIONAL STANDARD BOOK NUMBER | |
| International Standard Book Number | 0698118022 |
| 040 ## - CATALOGING SOURCE | |
| Original cataloging agency | DLC |
| Transcribing agency | DLC |
| Modifying agency | DLC |
| -- | FISKH |
| Language of cataloging | eng |
| 042 ## - AUTHENTICATION CODE | |
| Authentication code | pcc |
| -- | lcac |
| 043 ## - GEOGRAPHIC AREA CODE | |
| Geographic area code | a-ja--- |
| 050 00 - LIBRARY OF CONGRESS CALL NUMBER | |
| Classification number | RJ416.L4 |
| Item number | C63 1999 |
| 082 00 - DEWEY DECIMAL CLASSIFICATION NUMBER | |
| Classification number | 362.19/989299419/0092 |
| -- | B |
| Edition number | 21 |
| 100 1# - MAIN ENTRY--PERSONAL NAME | |
| Personal name | Coerr, Eleanor. |
| 245 10 - TITLE STATEMENT | |
| Title | Sadako and the thousand paper cranes / |
| Statement of responsibility, etc. | by Eleanor Coerr ; paintings by Ronald Himler. |
| 260 ## - PUBLICATION, DISTRIBUTION, ETC. | |
| Place of publication, distribution, etc. | New York : |
| Name of publisher, distributor, etc. | Puffin, |
| Date of publication, distribution, etc. | 1977 |
| 300 ## - PHYSICAL DESCRIPTION | |
| Extent | 79 p. : |
| Other physical details | ill. ; |
| Dimensions | 24 cm. |
| 500 ## - GENERAL NOTE | |
| General note | Originally published: New York : Putnam, 1977. |
| 505 ## - FORMATTED CONTENTS NOTE | |
| Formatted contents note | M |
| 520 ## - SUMMARY, ETC. | |
| Summary, etc. | Hospitalized with the dreaded atom bomb disease, leukemia, a child in Hiroshima races against time to fold one thousand paper cranes to verify the legend that by doing so a sick person will become healthy. |
| 521 8# - TARGET AUDIENCE NOTE | |
| Target audience note | 690 |
| Source | Lexile |
| 521 8# - TARGET AUDIENCE NOTE | |
| Target audience note | M |
| Source | Ras-Plus |
| 600 10 - SUBJECT ADDED ENTRY--PERSONAL NAME | |
| Personal name | Sasaki, Sadako, |
| Dates associated with a name | 1943-1955 |
| Form subdivision | Juvenile literature. |
| 600 11 - SUBJECT ADDED ENTRY--PERSONAL NAME | |
| Personal name | Sasaki, Sadako, |
| Dates associated with a name | 1943-1955. |
| 650 #0 - SUBJECT ADDED ENTRY--TOPICAL TERM | |
| Topical term or geographic name entry element | Leukemia in children |
| Form subdivision | Juvenile literature. |
| 650 #0 - SUBJECT ADDED ENTRY--TOPICAL TERM | |
| Topical term or geographic name entry element | Atomic bomb |
| General subdivision | Physiological effect |
| Form subdivision | Juvenile literature. |
| 650 #1 - SUBJECT ADDED ENTRY--TOPICAL TERM | |
| Topical term or geographic name entry element | Leukemia. |
| 650 #1 - SUBJECT ADDED ENTRY--TOPICAL TERM | |
| Topical term or geographic name entry element | Atomic bomb |
| General subdivision | Physiological effect. |
| 650 #1 - SUBJECT ADDED ENTRY--TOPICAL TERM | |
| Topical term or geographic name entry element | Death. |
| 651 #0 - SUBJECT ADDED ENTRY--GEOGRAPHIC NAME | |
| Geographic name | Hiroshima-shi (Japan) |
| General subdivision | History |
| Chronological subdivision | Bombardment, 1945 |
| Form subdivision | Juvenile literature. |
| 651 #1 - SUBJECT ADDED ENTRY--GEOGRAPHIC NAME | |
| Geographic name | Hiroshima-shi (Japan) |
| General subdivision | History |
| Chronological subdivision | Bombardment, 1945. |
| 700 1# - ADDED ENTRY--PERSONAL NAME | |
| Personal name | Himler, Ronald, |
| Relator term | ill. |
| 856 42 - ELECTRONIC LOCATION AND ACCESS | |
| Materials specified | Publisher description |
| Uniform Resource Identifier | <a href="http://www.loc.gov/catdir/enhancements/fy1203/00268856-d.html">http://www.loc.gov/catdir/enhancements/fy1203/00268856-d.html</a> |
| 906 ## - LOCAL DATA ELEMENT F, LDF (RLIN) | |
| a | 7 |
| b | cbc |
| c | origcop |
| d | 2 |
| e | ncip |
| f | 20 |
| g | y-gencatlg |
| 942 ## - ADDED ENTRY ELEMENTS (KOHA) | |
| Source of classification or shelving scheme | Dewey Decimal Classification |
| Koha item type | Books |
| Suppress in OPAC | No |
| Withdrawn status | Lost status | Source of classification or shelving scheme | Damaged status | Not for loan | Home library | Current library | Shelving location | Date acquired | Total Checkouts | Full call number | Barcode | Date last seen | Date last checked out | Copy number | Price effective from | Koha item type | Collection | Public note |
|---|---|---|---|---|---|---|---|---|---|---|---|---|---|---|---|---|---|---|
| Dewey Decimal Classification | Footprints International School Library Network Toul Kork Campus | Footprints International School Library Network Toul Kork Campus | TK Primary Library Room(4th Floor), Bookcase 5&6, Shelves 33-56, Orange Books | 02/28/2023 | 1 | COE 362.7819615509 RJ416.L4 | FISTK00412 | 09/13/2023 | 08/09/2023 | 1 | 02/28/2023 | Books | ||||||
| Dewey Decimal Classification | Footprints International School Library Network Toul Kork Campus | Footprints International School Library Network Toul Kork Campus | TK Primary Library Room(4th Floor), Bookcase 5&6, Shelves 33-56, Orange Books | 02/28/2023 | COE 362.7819615509 RJ416.L4 | 2024-0307 | 03/12/2024 | 2 | 02/28/2023 | Books | ||||||||
| Dewey Decimal Classification | Footprints International School Library Network Toul Tom Poung Campus | Footprints International School Library Network Toul Kork Campus | TTP Primary Orange Bookshelves | 03/12/2024 | 4 | COE 362.7819615509 RJ416.L4 | 2024-0306 | 12/16/2025 | 04/25/2025 | 3 | 03/12/2024 | Books | Non-Fiction | Lost , Paid 10$ 22.10.25 By Kruy Sivheng 6A | ||||
| Dewey Decimal Classification | Footprints International School Library Network Toul Tom Poung Campus | Footprints International School Library Network Toul Kork Campus | TTP Primary Orange Bookshelves | 02/26/2026 | COE 362.7819615509 RJ416.L4 | FISBK00524 | 02/26/2026 | 4 | 02/26/2026 | Books | Non-Fiction |
